Coğrafyası, tarihi ve folkloruyla Gemerek / (Record no. 200441095)

MARC details
000 -LEADER
fixed length control field 01057nam a22003137a 4500
003 - CONTROL NUMBER IDENTIFIER
control field TR-AnTOB
005 - DATE AND TIME OF LATEST TRANSACTION
control field 20210527150013.0
007 - PHYSICAL DESCRIPTION FIXED FIELD--GENERAL INFORMATION
fixed length control field ta
008 - FIXED-LENGTH DATA ELEMENTS--GENERAL INFORMATION
fixed length control field 210527s2021 ||||| |||| 00| 0 tur d
020 ## - INTERNATIONAL STANDARD BOOK NUMBER
International Standard Book Number 9789751747525
040 ## - CATALOGING SOURCE
Original cataloging agency TR-AnTOB
Language of cataloging tur
Transcribing agency TR-AnTOB
Description conventions rda
041 0# - LANGUAGE CODE
Language code of text/sound track or separate title Türkçe
050 ## - LIBRARY OF CONGRESS CALL NUMBER
Classification number DS51.S5
090 ## - LOCALLY ASSIGNED LC-TYPE CALL NUMBER (OCLC); LOCAL CALL NUMBER (RLIN)
Classification number (OCLC) (R) ; Classification number, CALL (RLIN) (NR) DS51.S5
Local cutter number (OCLC) ; Book number/undivided call number, CALL (RLIN) G86 2021
100 1# - MAIN ENTRY--PERSONAL NAME
9 (RLIN) 20428
Personal name Güçlü, Mehmet
Relator term author
245 ## - TITLE STATEMENT
Title Coğrafyası, tarihi ve folkloruyla Gemerek /
Statement of responsibility, etc. Mehmet Güçlü ; editör: Teoman Karaca.
264 #1 - PRODUCTION, PUBLICATION, DISTRIBUTION, MANUFACTURE, AND COPYRIGHT NOTICE
Place of production, publication, distribution, manufacture Sivas :
Name of producer, publisher, distributor, manufacturer T.C. Sivas Valiliği İl Kültür ve Turizm Müdürlüğü,
Date of production, publication, distribution, manufacture, or copyright notice 2021.
300 ## - PHYSICAL DESCRIPTION
Extent 458 sayfa :
Other physical details fotoğraf ;
Dimensions 22 cm
336 ## - CONTENT TYPE
Source rdacontent
Content type term text
Content type code txt
337 ## - MEDIA TYPE
Source rdamedia
Media type term unmediated
Media type code n
338 ## - CARRIER TYPE
Source rdacarrier
Carrier type term volume
Carrier type code nc
490 0# - SERIES STATEMENT
Series statement Sivas 1000 Temel Eser no ;
Volume/sequential designation 46
504 ## - BIBLIOGRAPHY, ETC. NOTE
Bibliography, etc. note
651 #0 - SUBJECT ADDED ENTRY--GEOGRAPHIC NAME
9 (RLIN) 14231
Geographic name Sivas (Türkiye)
General subdivision Tarih
Source of heading or term etuturkob
9 (RLIN) 46654
Geographic name Sivas (Türkiye)
General subdivision Sosyal yaşam ve gelenekler
700 ## - ADDED ENTRY--PERSONAL NAME
9 (RLIN) 126638
Personal name Karaca, Teoman
Relator term editor
942 ## - ADDED ENTRY ELEMENTS (KOHA)
Source of classification or shelving scheme Library of Congress Classification
Koha item type Book
Holdings
Withdrawn status Lost status Source of classification or shelving scheme Not for loan Collection code Home library Current library Shelving location Date acquired Source of acquisition Inventory number Total Checkouts Full call number Barcode Date last seen Date shelved Koha item type Public note
    Library of Congress Classification Ödünç Verilebilir / Available Genel Koleksiyon Merkez Kütüphane Merkez Kütüphane Genel Koleksiyon / Main Collection 18/05/2021 Bağış / Donation TAR   DS51.S5 G86 2021 0063276 27/05/2021 08/06/2021 Book Donated by TC Sivas Valiliği.
Devinim Yazılım Eğitim Danışmanlık tarafından Koha'nın orjinal sürümü uyarlanarak geliştirilip kurulmuştur.